| 000 | 00599nam a22001577a 4500 | ||
|---|---|---|---|
| 008 | 140902b xxu||||| |||| 00| 0 eng d | ||
| 020 | _a0406090106 | ||
| 050 | _aKD275.3.L39(1872-73 vol.8) | ||
| 245 |
_aThe Law Reports (1872-73 vol.8) Court of Common Pleas: from Michaelmas term,1872 to Trinity Term,1873. / _cedited by James Redfoord Bulwer |
||
| 260 |
_aLondon: _bButterworth and Co. Ltd., _c1873. |
||
| 300 |
_axii,718p.: _c24cm |
||
| 440 |
_pCommon Pleas: from Michaelmas term,1872 to Trinity Term,1873 _vVol VIII |
||
| 700 | _aBulwer, James Redfoord | ||
| 800 | _aBulwer, J. | ||
| 942 |
_2lcc _cBK |
||
| 999 |
_c4075 _d11575 |
||